Les espoirs du cinéma ayant reçu le Prix Jean-Gabin - Statistiques

Statistiques générales
  • Ce quiz a été pris 39 fois
  • Le résultat moyen est 12 sur 26
Statistiques - réponses
Année Prénom Nom % Correct
2005 Clovis Cornillac
84%
1996 Guillaume Depardieu
84%
1981 Thierry Lhermitte
82%
2001 José Garcia
76%
2000 Guillaume Canet
74%
1982 Gérard Lanvin
66%
1997 Yvan Attal
61%
1991 Fabrice Luchini
58%
2004 Lorant Deutsch
53%
2003 Johnny Hallyday
53%
1987 Jean-Hugues Anglade
50%
1986 Tchéky Karyo
42%
1995 Mathieu Kassovitz
42%
1999 Samuel Le Bihan
42%
1989 Vincent Lindon
42%
1990 Lambert Wilson
39%
1984 François Cluzet
37%
2002 Benoît Poelvoorde
34%
2006 Jérémie Renier
32%
1993 Olivier Martinez
26%
1983 Gérard Darmon
24%
1992 Vincent Perez
24%
1985 Christophe Malavoy
21%
1994 Manuel Blanc
18%
1998 Vincent Elbaz
18%
1988 Thierry Frémont
8%
Aucun quiz correspondant
Distribution des résultats
% des personnes avec chaque résultat
Percentile par nombre de réponses
Votre historique - résultats
Vous n’avez pas pris ce quiz